000 00770nam a2200289Ia 4500
003 OSt
005 20221007102328.0
006 a|||||r|||| 00| 0
007 ta
008 221006b |||||||| |||| 00| 0 eng d
020 _a8180380076
024 _a10,059
037 _cTextual
040 _aLCO
_cLCO
_beng
041 _2eng
_aeng
082 _aZ2,122, P2
100 _aAchar M.R. Au.
_9704412
245 0 _aDowry and the Law
250 _a4th
260 _aNew
_bDelhi Lexis, Nexis Butterworths India
_c2002
300 _a440
490 _vTU
650 _aDOWRY AND THE LAW
_9704413
700 _a Venkanna T.V. Au.
_9704414
942 _hZ2,122, P2
_cTEXL
999 _c1179622
_d1179622